| 000 | 00453nam a2200181Ia 4500 | ||
|---|---|---|---|
| 001 | 22427 | ||
| 005 | 20260414150830.0 | ||
| 008 | 260414t2007||||xx |||||||||||||| ||spa|| | ||
| 041 | _aESP | ||
| 082 |
_a621.381 _bS52 |
||
| 100 |
_aSierra Pérez, Manuel... [et al.]. _eAUT |
||
| 245 | 0 |
_aElectrónica de comunicaciones _b |
|
| 260 | _c2007 | ||
| 300 |
_axii, 401 páginas : _c25 cm. |
||
| 650 | _aTCA | ||
| 654 | _aCET | ||
| 942 |
_cLIB _dJUS _fJUS _2ddc _n |
||
| 999 |
_c22427 _d22427 |
||